| 000 | 00735nam a22002297a 4500 | ||
|---|---|---|---|
| 999 |
_c64797 _d64797 |
||
| 005 | 20240530110751.0 | ||
| 008 | 181216s2017 ua g 00| f ara d | ||
| 017 |
_a2017/21871 _bمصر. دار الكتب |
||
| 020 | _a9789777951418 | ||
| 040 |
_aEG-CaGPL _cEG-CaGPL |
||
| 082 | 0 | 4 |
_221 _a813.03 / _bع ت |
| 100 | 0 | _aعمرو حسين | |
| 245 | 1 | 0 |
_aتاهيتى : _bرواية / _cعمرو حسين |
| 250 | _aط.1 | ||
| 260 |
_aالقاهرة : _bالدار المصرية اللبنانية ، _c2017. |
||
| 300 |
_a303 ص. ؛ _c19 سم. |
||
| 650 | 0 | 7 |
_2qrmak _aالادب العربى |
| 650 | 0 | 7 |
_2qrmak _aالقصص العربية |
| 651 | _2qrmak | ||
| 942 |
_2ddc _cBK |
||